Loading...
| Arts - Music | 7 | 14.29 | 100% | 29% | 14% | 
| Arts - Other Arts | 5 | 14.00 | 100% | 40% | 0% | 
| Arts - Painting | 6 | 18.33 | 100% | 50% | 33% | 
| History - American | 1 | 20.00 | 100% | 100% | 0% | 
| History - American History | 4 | 20.00 | 100% | 75% | 25% | 
| History - European | 5 | 18.00 | 100% | 60% | 20% | 
| History - Other History | 5 | 20.00 | 100% | 100% | 0% | 
| History - World | 2 | 15.00 | 100% | 50% | 0% | 
| History - World History | 3 | 16.67 | 100% | 33% | 33% | 
| Literature - American Lit | 6 | 20.00 | 100% | 67% | 33% | 
| Literature - British Lit | 7 | 15.71 | 71% | 57% | 29% | 
| Literature - European Lit | 7 | 17.14 | 100% | 71% | 0% | 
| Literature - World Lit | 6 | 15.00 | 100% | 50% | 0% | 
| Mythology | 7 | 14.29 | 100% | 43% | 0% | 
| Other - Geo/CE | 9 | 21.11 | 100% | 78% | 33% | 
| Other Academic | 6 | 21.67 | 100% | 83% | 33% | 
| Pop Culture | 9 | 14.44 | 78% | 44% | 22% | 
| Religion | 10 | 15.00 | 100% | 40% | 10% | 
| Science - Biology | 6 | 11.67 | 100% | 17% | 0% | 
| Science - Chemistry | 5 | 12.00 | 100% | 20% | 0% | 
| Science - Engineering | 1 | 20.00 | 100% | 100% | 0% | 
| Science - Other Science | 8 | 12.50 | 88% | 38% | 0% | 
| Science - Physics | 6 | 16.67 | 100% | 50% | 17% | 
| Thought - Philosophy | 7 | 17.14 | 100% | 43% | 29% | 
| Thought - Social Science | 6 | 18.33 | 100% | 83% | 0% |